Flags of Europe - Inverted - Statistics

General Stats
  • This quiz has been taken 47 times
  • The average score is 30 of 45
Answer Stats
Picture Answer % Correct
United Kingdom
100%
Greece
91%
Spain
91%
Sweden
91%
Finland
88%
Norway
88%
Portugal
88%
Denmark
86%
Iceland
86%
France
77%
Germany
74%
Malta
74%
Latvia
70%
Andorra
67%
Austria
67%
Moldova
67%
North Macedonia
67%
Poland
67%
Russia
67%
San Marino
67%
Vatican City
67%
Albania
65%
Czech Republic
65%
Slovakia
65%
Switzerland
65%
Croatia
63%
Serbia
63%
Slovenia
63%
Belarus
60%
Bosnia & Herzegovina
60%
Italy
60%
Kosovo
60%
Monaco
60%
Montenegro
60%
Netherlands
60%
Hungary
58%
Ireland
58%
Liechtenstein
58%
Ukraine
58%
Bulgaria
53%
Luxembourg
53%
Belgium
51%
Romania
49%
Estonia
47%
Lithuania
44%
No matching quizzes found
Score Distribution
Percent of People with Each Score
Percentile by Number Answered
Your Score History
You have not taken this quiz